Arkham City Side Missions - Statistics

General Stats
  • This quiz has been taken 4 times
  • The average score is 3 of 12
Answer Stats
Hint Answer % Correct
Azrael Watcher in the Wings
100%
Political prisoners Acts of Violence
67%
Victor Zsasz Cold Call Killer
33%
Stolen Freeze Tech Hot and Cold
33%
Hush Identity Theft
33%
Iceberg Lounge Remote Hideaway
33%
Mad Hatter The Tea Party
33%
Batcomputer AR Training
0%
Bane Fragile Alliance
0%
Nora Fries Heart of Ice
0%
Riddler Riddler's Conundrum
0%
Deadshot Shot in the Dark
0%
No matching quizzes found
Score Distribution
Percent of People with Each Score
Percentile by Number Answered
Your Score History
You have not taken this quiz